MARC

LEADER 00000nam0a2200000 4500
001 270517
005 20231101234343.0
035 |a (RuTPU)RU\TPU\book\293698 
090 |a 270517 
100 |a 20140929d1987 k y0rusy50 ca 
101 0 |a rus 
102 |a RU 
105 |a y z 001zy 
200 1 |a Игры в общих управляемых системах  |f Г. В. Томский, В. А. Уланов 
210 |a Иркутск  |c Изд-во Иркутского ун-та  |d 1987 
215 |a 205 с. 
320 |a Библиогр.: с. 199-203 
606 1 |a Дифференциальные игры  |2 stltpush  |3 (RuTPU)RU\TPU\subj\9690  |9 36872 
610 1 |a управляемые системы 
610 1 |a антагонистические игры 
610 1 |a антагонистические дифференциальные игры 
610 1 |a программные итерации 
610 1 |a динамические игры 
610 1 |a монографии 
675 |a 517.977.8  |v 3 
700 1 |a Томский  |b Г. В.  |g Григорий Васильевич 
701 1 |a Уланов  |b В. А.  |g Владимир Алексеевич 
801 1 |a RU  |b 63413507  |c 20140929 
801 2 |a RU  |b 63413507  |c 20161205  |g RCR 
942 |c BK